| 000 | 00414cam a2200157ua 4500 | ||
|---|---|---|---|
| 003 | OSt | ||
| 008 | 241223b |||||||| |||| 00| 0 eng d | ||
| 041 | _aeng | ||
| 082 |
_a621.316 _bPHI/MO |
||
| 100 |
_aPhilpott, Stuart F . _96568 |
||
| 245 | _aModern armature construction winding and repair / | ||
| 250 | _a1 / | ||
| 260 |
_aLondon : _bSir Isaac Pitman & Sons Ltd , _c1954. |
||
| 300 | _a280 ; . | ||
| 942 | _cBK | ||
| 999 |
_c5488 _d5488 |
||